000
00216nam a2200085Ia 4500
008
120527s9999 xx 000 0 und d
100
_a
Meier & Baldwin
245
_a
Development: theory, Histrory and policy
942
_c
BK
999
_c
27235
_d
27235